| 000 | 00879nas a2200277 4500 | ||
|---|---|---|---|
| 001 | BR2022000531 | ||
| 003 | BR-BrBNA | ||
| 005 | 20231205132252.0 | ||
| 007 | ta | ||
| 008 | 230509b bl.|||p| |||| 00| 00por d | ||
| 040 |
_aBR-BrBNA _bpor _cBiblioteca Nacional de Agricultura |
||
| 041 | _a(Pt) | ||
| 072 | _aF08 | ||
| 100 | 1 | _aSimonetti, A.P.M.M. | |
| 100 | 1 | _aRibeiro, E.T. | |
| 100 | 1 | _aCavalcante, J.A. | |
| 100 | 1 | _aDeluca, R. | |
| 100 | 1 | _aSilva, W.G. da | |
| 245 | 1 | _aEfeito alelopático do fruto de crambe sobre germinação de trigo mourisco | |
| 650 | _aALELOPATIA | ||
| 650 | _aROTAÇÃO DE CULTURA | ||
| 773 | 0 |
_tActa Iguazu (Brazil) _xISSN 2316-4093 _g(2016), v. 5(2) p. 73-83 _wBR2022000531 |
|
| 856 | 4 | 0 | _uhttps://e-revista.unioeste.br/index.php/actaiguazu/article/view/15434/10438 |
| 909 |
_a202311 _bLúcia _c55 _dLúcia Elande |
||
| 942 |
_2AGRIS _n0 _cANA |
||
| 999 |
_c259397 _d259397 |
||